Midle East Contries - Sudden death - Statistics

General Stats
  • This quiz has been taken 216 times
  • The average score is 6 of 13
Answers on the Grid
Answers color-coded by a green-red scale on the quiz's grid according to % correct below.
Saudi Arabia
Turkey
Libya
Algeria
Moroco
Iraq
Iran
Pakistan
Greece
Cyprus
Lebanon
Qatar
Georgia
Armenia
Bahrain
Kuwait
Kasakistan
Afganistan
Syria
Jordan
Uzbekistan
Israel
Egypt
 
Answer Stats
Answer % Correct
Saudi Arabia
89%
Iran
61%
Iraq
61%
Turkey
59%
Qatar
49%
Kuwait
48%
Jordan
46%
Israel
44%
Syria
43%
Lebanon
42%
Bahrain
38%
Egypt
32%
Cyprus
27%
No matching quizzes found
Score Distribution
Percent of People with Each Score
Percentile by Number Answered
Your Score History
You have not taken this quiz